| 000 | 01383nam0a2200325 4500 | ||
|---|---|---|---|
| 001 | RU\NLR\bibl\1214952 | ||
| 005 | 20250615105800.0 | ||
| 010 |
_a978-5-94275-373-3 _9500 |
||
| 021 |
_aRU _b2008-9287 _9520 |
||
| 035 | _a(NLR Aleph) 001201343 | ||
| 090 |
_a1776439 _c1776439 |
||
| 100 | _a20080415d2007 |||y0rusy50 ca | ||
| 101 | 0 | _arus | |
| 102 | _aRU | ||
| 105 | _ay ||||||||| | ||
| 200 | 1 |
_aКаталог орбитальной эволюции астероидов, сближающихся с Землей с 1800 по 2204 гг. _fА.Ф. Заусаев, В.В. Абрамов, С.С. Денисов |
|
| 210 |
_aМосква _cМашиностроение-1 _d2007 |
||
| 215 |
_a606 с. _d22 |
||
| 320 | _aБиблиогр.: с. 605-606 (16 назв.) | ||
| 606 | 1 |
_aКометы _jКаталоги _xОрбиты _xЭволюция _z1800 - 2204 _92515684 _3RU\NLR\auth\661491052 |
|
| 686 | _aВ621.221я26 | ||
| 700 | 1 |
_aЗаусаев _bА. Ф. _gАнатолий Федорович _4070 |
|
| 701 | 1 |
_4070 _7ca _8rus _aАбрамов _bВ. В. _cканд. физ.-мат. наук _gВладимир Владимирович _9265144 _3RU\NLR\AUTH\770265200 |
|
| 701 | 1 |
_aДенисов _bС. С. _gСергей Сергеевич _4070 |
|
| 801 | 0 |
_aRU _bNLR _c20080415 _gRCR |
|
| 801 | 1 |
_aRU _bNLR _c20080415 |
|
| 942 | _cBOOK | ||
| 980 | _aNB | ||